MDQL
is popping MORE tags! Check the
thread
!
Quizzes
Events
Quiz Creation
Community
Videos
Private Events
Remove Ads
Sign In
Join for FREE
Feedback
Dark Mode
Quiz Categories
Sports
Geography
Music
Movies
Television
Just For Fun
Miscellaneous
History
Literature
Language
Science
Gaming
Entertainment
Religion
Holiday
For Kids
Quiz Lab
Recent
Popular Today
Quiz Kudos Today
Editor Picks
Curator Picks
Quizzes by...
Day
Popularity
Type
Ratings
Length
Year
Community
Subscriptions
Recent Discussions
Orange Saloon
Badges
Playlists
Quests
Create
Leaderboards
Showdown
Live 5
Trivia Bingo
Activity
Puzzle Library
Sporcle Events
Private Events
Virtual Trivia
Globe League
Become a Host
Pub Owners
SporcleCon
Opinionation
Our Games
Videos
Blog
Mobile Apps
Partnerships
Remove Ads and Go Orange
Feedback
Sports
Athletes
MLB
NBA
NHL
NFL
Soccer
Sports Teams
WWE
NCAA
Football
Premier League
Basketball
Baseball
Hockey
Golf
Tennis
Cricket
Rugby
Auto Racing
Olympics
World Cup
Sports
Athletes
MLB
NBA
NHL
NFL
Soccer
Sports Teams
WWE
NCAA
Football
Premier League
Basketball
Baseball
Hockey
Golf
Tennis
Cricket
Rugby
Auto Racing
Olympics
World Cup
Random Quiz
Search Sporcle
×
Quiz Lab
Quiz Lab
Sports
Baseball
Type in answers that appear in a list
Type in answers that appear in a list
Classic
Best Score? Go Orange.
2011 Detroit Tigers Stats
Can you name the players who played in a game for the 2011 Detroit Tigers?
By
tk926
8m
45 Questions
177 Plays
177 Plays
177 Plays
Comments
Comments
Give Quiz Kudos
Give Quiz Kudos
-
- Ratings
hide this ad
More Info
Replay
Link that replays current quiz
Next Quiz
Link to next quiz in quiz playlist
You Got
0%
They Got
Avg Score
60%
Avg Friend Score
Upgrade to see
Score Distribution
Jump to the score distribution portion of the page
Score
0/45
Timer
08:00
0
Plays Today
Number
Player
% Correct
24
Miguel Cabrera
97.7%
35
Justin Verlander
96.6%
15
Brandon Inge
95.5%
14
Austin Jackson
94.9%
13
Alex Avila
93.2%
46
Jose Valverde
93.2%
37
Max Scherzer
90.4%
41
Victor Martinez
90.4%
25
Ryan Raburn
87.6%
32
Don Kelly
85.3%
48
Rick Porcello
85.3%
30
Magglio Ordonez
84.2%
26
Brennan Boesch
83.6%
27
Jhonny Peralta
83.1%
58
Doug Fister
81.9%
39
Ramon Santiago
80.2%
40
Phil Coke
79.7%
9
Carlos Guillen
77.4%
21
Delmon Young
77.4%
53
Joaquin Benoit
74%
31
Brad Penny
72.9%
12
Andy Dirks
65%
55
Daniel Schlereth
61.6%
Number
Player
% Correct
28
Will Rhymes
57.6%
50
Jacob Turner
57.6%
20
Scott Sizemore
56.5%
45
Ryan Perry
55.9%
20
Wilson Betemit
54.2%
29
Danny Worth
49.2%
62
Al Alburquerque
48%
18
Omir Santos
44.6%
57
Casper Wells
44.6%
64
Duane Below
37.3%
43
Andrew Oliver
36.7%
36
Brad Thomas
36.2%
34
David Pauley
35%
49
Charlie Furbush
33.9%
38
David Purcey
26%
60
Brayan Villarreal
22%
58
Adam Wilk
22%
21
Enrique Gonzalez
21.5%
52
Chance Ruffin
19.2%
49
Luis Marte
14.1%
38
Robbie Weinhardt
11.9%
44
Lester Oliveros
9.6%
Quiz Playlist
Details
Report
Send in Message
Add To Playlist
More Info:
All teams are being posted -- for other teams, see: http://bestofsporcle.blogspot.com/2011/09/2011-mlb-rosters.html
Classic:
Type in answers that appear in a list
Last Updated: Feb 16, 2017
Quiz Scoreboard
CHALLENGE
Sign Up to Join the Scoreboard
Show All
Scores
Hide
Comments
May contain spoilers
Recently Published
Image Sorting: Flags VI
by Barbecue
Geography
2m
Find the 'City' Movie
by crazypaving
Movies
60s
Colored Red Africa Blitz
by spor1
Geography
45s
More to Explore
Quiz From the Vault
Featured Blog Post
14 Easter Pick-up Lines to Find Eggs With
hide this ad
You Might Also Like...
Tags
Baseball Quiz
MLB Quiz
2011
detroit
Detroit Tigers
Player
Tiger
Today's Top Quizzes in Sports
Browse Sports
hide this ad
Today's Top Quizzes in Baseball
Browse Baseball
Top Contributed Quizzes in Sports
1
Les meilleurs buteurs des matchs entre le PSG et l’OM
2
Les entraîneurs de l'OM et du PSG au 21e siècle
3
Les joueurs passés par le PSG et l'OM
4
2022 World Cup Stars
5
Players with Multiple 50 Home Run Seasons
6
Criteria MLB: Left Handed Sluggers
7
Les joueurs passés par le LOSC et le RC Lens
8
NBA Logic Puzzle 2.0
9
MLB Players with Two .350 Batting Average Seasons
10
FIFA Club World Cup Champions
Explore More
Trending Topics
Marvel
Disney
NBA
Anime
Crossword
Harry Potter
Kpop
Country
Soccer
The Office
Puzzle
Pokémon
Song
WWE
NFL
hide this ad
More By:
tk926
Quiz
Plays
Rating
Category
Featured
Created
Artists with 3+ Albums in Rolling Stone's Top 500
189,643
4.33
Music
Nov 19, 2009
Opening Day Lineups: Orioles
88,751
4.35
Sports
Oct 19, 2009
Opening Day Lineups: Rockies
72,979
4.29
Sports
Oct 19, 2009
Same Name Songs and Movies
70,379
3.70
Entertainment
Dec 10, 2009
Opening Day Lineups: Brewers
66,786
4.41
Sports
Oct 15, 2009
Go to Creator's Profile
Score Distribution
Quiz Creator Spotlight
tk926
Follow
Send a Message
Quizzes Created
-
Created Quiz Play Count
-
More By This Creator
Popular Quizzes Today
1
Colored Red Africa Blitz
2
Find the US States - No Outlines Minefield
3
Find the 'City' Movie
4
5x2 Blitz: Bands
5
The Countries of the World
6
Find the US States
7
Find the Countries of Europe - No Outlines Minefield
8
US States
More Sports Quizzes
Chris Jericho Finishers
Quiz Lab
Trending Quizzes
Colored Red Europe Blitz I
Colored Red Europe Blitz II
Colored Red Africa Blitz II
Colored Red Europe Blitz III
Colored Red Africa Blitz III
Recently Updated
How Do You Spell That?
pecheneg
Godzilla Movies
pecheneg
Grab Bag: 4-10 Letters
pecheneg
2024 March Madness Bracket
pecheneg
Famous TV Couples
Peacemaker
Champions League XIs: Real Madrid
pecheneg
Largest US Cities 1790-2010
pecheneg
Rides in Walt Disney World
pecheneg
Most Oscar Losses (Acting)
pecheneg
Beyoncé Albums
pecheneg
Trending Topics
Anime
Marvel
Disney
Kpop
NBA
Crossword
Harry Potter
Song
WWE
NFL
The Office
Soccer
Pokémon
Country
Puzzle
Your Account Isn't Verified!
In order to create a playlist on Sporcle, you need to verify the email address you used during registration. Go to your
Sporcle Settings
to finish the process.
Report this User
Report this user for behavior that violates our
Community Guidelines
.
Details:
Send Report
Go to the Sporcle.com Mobile Site →
Comments